Tilastot visalle Helppoa matematiikkaa minuutissa

Klikkaa tästä pelataksesi tätä visaa!

Yleistilastot

  • Tätä visaa on pelattu 273 kertaa
  • Keskiarvotulos 11 / 15

Vastaustilastot

LaskuVastaus% Oikein
11 - 110
100%
11 -101
100%
30 : 310
100%
5 + 510
100%
100 : 1010
100%
6 + 410
100%
120 : 1210
100%
147 - 47100
100%
98 + 2100
100%
98 + 4102
100%
5 + 97102
100%
15 + 88103
100%
6 + 98104
100%
98 + 6104
100%
98 + 7105
100%
77 + 29106
100%
39 + 67106
100%
98 + 9107
100%
12 x 9108
100%
37 - 2611
100%
98 - 8711
100%
8 + 311
100%
8 +102110
100%
98 + 12110
100%
33 + 77110
100%
98 + 14112
100%
147 - 33114
100%
8 + 412
100%
24 : 212
100%
50 - 3812
100%
6 + 612
100%
6 x 212
100%
15 x 8120
100%
8 x 15120
100%
56 + 65121
100%
147 - 26121
100%
64 + 64128
100%
16 x 8128
100%
8 x 16128
100%
6 + 713
100%
8 + 513
100%
5 + 126131
100%
28 : 214
100%
43 - 2914
100%
8 + 614
100%
6 + 814
100%
147 - 7140
100%
258 - 117141
100%
64 + 79143
100%
44 + 104148
100%
6 + 915
100%
3 x 515
100%
2 + 1315
100%
66 - 5115
100%
30 - 1515
100%
15 x 10150
100%
7 x 22154
100%
8 + 816
100%
147 + 17164
100%
55 x 3165
100%
15 + 150165
100%
147 + 22169
100%
6 + 1117
100%
131 + 44175
100%
71 - 5318
100%
73 - 5518
100%
3 x 618
100%
9 x 218
100%
6 x 318
100%
15 x 12180
100%
9 x 2001800
100%
147 + 40187
100%
8 + 1119
100%
12 + 719
100%
30 - 1119
100%
88 - 6919
100%
204 - 12192
100%
147 + 47194
100%
11 - 92
100%
4 : 22
100%
24 : 122
100%
6 - 42
100%
11 - 92
100%
3 - 12
100%
4 x 520
100%
9 + 1120
100%
80 : 420
100%
120 : 620
100%
5 x 420
100%
100 : 520
100%
88 - 6721
100%
3 x 721
100%
98 - 7721
100%
30 - 822
100%
98 + 122220
100%
8 +1523
100%
6 x 424
100%
8 x 324
100%
12 x 224
100%
120 : 524
100%
3 x 824
100%
44 + 204248
100%
131 - 10625
100%
52 - 2725
100%
100 : 425
100%
131 + 121252
100%
27 - 126
100%
37 - 1126
100%
5 + 2227
100%
3 x 927
100%
37 - 928
100%
43 - 1429
100%
50 - 2129
100%
147 + 147294
100%
99 : 333
100%
30 : 103
100%
11 - 83
100%
75 : 253
100%
45 : 153
100%
8 + 2230
100%
1 + 2930
100%
5 x 630
100%
3 x 1030
100%
5 x 60300
100%
3 x 100300
100%
3 x 10003000
100%
17 + 1431
100%
128 : 432
100%
14 + 1832
100%
3 x 1133
100%
99 : 333
100%
5 + 2934
100%
5 x 735
100%
88 - 5335
100%
98 + 253351
100%
6 x 636
100%
12 x 336
100%
5 + 3136
100%
4 x 936
100%
6 x 636
100%
33 + 437
100%
46 - 838
100%
33 + 538
100%
19 + 1938
100%
33 + 639
100%
80 : 204
100%
24 : 64
100%
28 : 74
100%
36 : 94
100%
100 : 254
100%
100 : 254
100%
11 - 74
100%
5 x 840
100%
5 x 80400
100%
33 + 841
100%
88 - 4741
100%
50 - 941
100%
33 + 942
100%
6 x 742
100%
50 - 842
100%
48 - 642
100%
6 + 3844
100%
3 x 1545
100%
9 x 545
100%
5 x 945
100%
15 x 345
100%
3 x 150450
100%
51 - 546
100%
5 + 4146
100%
88 - 4147
100%
6 x 848
100%
8 x 648
100%
6 x 848
100%
75 : 155
100%
100 : 205
100%
11 - 65
100%
12 - 75
100%
131 - 1265
100%
30 : 65
100%
100 : 205
100%
51 - 465
100%
100 : 250
100%
100 : 250
100%
36 + 1551
100%
88 - 3553
100%
6 x 954
100%
9 x 654
100%
6 + 4854
100%
73 - 1855
100%
56 - 155
100%
5 x 111555
100%
784 - 195589
100%
98 - 3959
100%
54 : 96
100%
48 : 86
100%
48 : 86
100%
3 x 26
100%
42 : 76
100%
15 x 460
100%
3 x 2060
100%
98 - 3761
100%
2 x 3264
100%
8 x 864
100%
88 - 2365
100%
98 - 3365
100%
5 x 1365
100%
456 + 198654
100%
198 + 456654
100%
33 + 3366
100%
8 + 5866
100%
44 + 2266
100%
106 - 3967
100%
88 - 1969
100%
42 : 67
100%
20 -137
100%
28 : 47
100%
74 - 470
100%
2 + 6971
100%
8 x 972
100%
18 + 5573
100%
159 - 8574
100%
78 - 474
100%
37 + 3774
100%
8 + 6775
100%
15 x 575
100%
98 - 2276
100%
33 + 4477
100%
106 - 2977
100%
44 + 3377
100%
15 + 6277
100%
11 x 777
100%
52 + 2577
100%
1 + 7778
100%
4 + 7478
100%
88 - 979
100%
11 - 38
100%
12 - 48
100%
64 : 88
100%
48 : 68
100%
80 : 108
100%
30 - 228
100%
8 x 1080
100%
98 - 1484
100%
4 x 2184
100%
9 + 7988
100%
23 + 6588
100%
44 + 4488
100%
33 + 5588
100%
88 - 799
100%
37 - 289
100%
36 : 49
100%
54 : 69
100%
15 x 690
100%
3 x 3090
100%
9 x 100900
100%
98 - 791
100%
98 + 199
100%
147 + 9156
80%
18 + 5371
80%
64 : 232
75%
44 + 1155
75%
51 + 1566
75%
159 - 7485
75%
8 + 104112
67%
98 + 36134
67%
5 x 315
67%
8 + 917
67%
17 + 320
67%
131 + 78209
67%
147 + 66213
67%
131 + 98229
67%
26 + 1137
67%
128 : 324
67%
98 - 3563
67%
128 : 168
67%
5 x 175875
67%
67 + 2188
67%
100 : 425
60%
33 + 336
60%
80 : 810
50%
134 - 34100
50%
131 - 30101
50%
44 + 77121
50%
147 - 24123
50%
15 x 9135
50%
29 - 1415
50%
120 : 815
50%
98 + 53151
50%
74 + 86160
50%
8 x 21168
50%
11 + 718
50%
141 + 47188
50%
3 x 65195
50%
65 x 3195
50%
28 : 142
50%
64 : 322
50%
147 + 53200
50%
98 + 102200
50%
44 + 166210
50%
9 x 327
50%
78 : 263
50%
24 : 83
50%
50 - 1832
50%
50 - 743
50%
33 + 1043
50%
15 + 3348
50%
120 : 245
50%
66 - 1551
50%
71 - 1853
50%
78 : 136
50%
11 - 56
50%
12 x 560
50%
5 + 27
50%
154 : 227
50%
589 + 195784
50%
32 : 48
50%
53 + 3588
50%
47 + 4794
50%
8 x 1296
50%
1 + 9899
50%
15 x 13195
33%
44 + 177221
33%
131 - 5675
33%
32 : 48
33%
147 - 28119
25%
195 + 589784
25%
88 - 6523
20%
131 - 8645
20%
5 x 210
0%
100 : 1010
0%
1 + 910
0%
11 - 110
0%
98 + 3101
0%
98 + 5103
0%
8 + 96104
0%
8 x 13104
0%
15 x 7105
0%
98 + 8106
0%
15 + 92107
0%
98 + 10108
0%
99: 911
0%
88 : 811
0%
30 - 1911
0%
6 + 511
0%
44 + 66110
0%
8 x 14112
0%
8 + 106114
0%
98 + 17115
0%
258 - 141117
0%
120 : 1012
0%
3 x 412
0%
98 + 22120
0%
12 x 10120
0%
147 - 22125
0%
32 x 4128
0%
78 : 613
0%
30 - 1713
0%
12 x 11132
0%
44 + 88132
0%
6 + 138134
0%
12 x 1121 344
0%
147 - 11136
0%
147 - 9138
0%
44 + 99143
0%
12 x 12144
0%
8 + 715
0%
51 - 3615
0%
75 : 515
0%
131 - 11615
0%
85 + 74159
0%
64 :416
0%
80 : 516
0%
128 : 816
0%
8 x 216
0%
8 x 20160
0%
15 x 11165
0%
30 - 1317
0%
147 + 35182
0%
784 - 589195
0%
654 - 456198
0%
18 : 92
0%
100 : 502
0%
6 : 32
0%
8 + 1220
0%
13 + 720
0%
100 : 520
0%
45 x 452 025
0%
12 + 192204
0%
30 - 921
0%
15 x 14210
0%
154 : 222
0%
15 x 15225
0%
1 + 2223
0%
4 x 624
0%
147 + 99246
0%
75 : 325
0%
77 - 5225
0%
141 + 117258
0%
78 : 326
0%
52 - 2527
0%
4 x 728
0%
98 - 7028
0%
4 x 728
0%
106 - 7729
0%
33 + 258291
0%
9 : 33
0%
18 : 63
0%
6 : 23
0%
15 + 1530
0%
131 - 10130
0%
15 x 230
0%
6 x 530
0%
50 - 1931
0%
2 + 2931
0%
8 x 432
0%
4 x 832
0%
50 - 1733
0%
6 + 2834
0%
131 - 9635
0%
9 x 436
0%
51 - 1536
0%
106 - 6739
0%
32 : 84
0%
64 : 164
0%
32 : 84
0%
78 - 744
0%
131 - 9140
0%
33 + 740
0%
8 x 540
0%
6 x 742
0%
29 + 1443
0%
50 - 644
0%
33 + 1144
0%
33 + 1245
0%
150 x 3450
0%
654 - 198456
0%
155 x 3465
0%
147 - 9948
0%
4 x 1248
0%
80 : 165
0%
46 + 551
0%
27 + 2552
0%
77 - 2552
0%
131 - 7853
0%
6 x 954
0%
131 - 7655
0%
8 x 756
0%
120 : 206
0%
24 : 46
0%
36 : 66
0%
50 - 446
0%
30 : 56
0%
6 x 1060
0%
9 x 763
0%
32 x 264
0%
16 x 464
0%
4 x 1664
0%
131 - 6665
0%
88 - 2167
0%
71 - 269
0%
11 - 47
0%
5 + 6671
0%
12 x 672
0%
9 x 872
0%
147 - 7473
0%
2 + 7173
0%
5 x 1575
0%
25 + 5277
0%
13 x 678
0%
26 x 378
0%
3 x 2678
0%
6 x 1378
0%
88 : 118
0%
120 : 158
0%
48 : 68
0%
24 : 38
0%
4 x 2080
0%
9 x 981
0%
5 + 7883
0%
12 x 784
0%
131 - 4685
0%
8 x 1188
0%
18 : 29
0%
12 - 39
0%
6 + 39
0%
99 : 119
0%
3 x 39
0%
11 - 29
0%
30 - 219
0%
9 x 1090
0%
5 + 8893
0%
147 - 5394
0%
131 - 3695
0%
12 x 896
0%
88 + 997
0%
33 + 6699
0%
44 + 5599
0%
3 x 3399
0%
131 - 3299
0%
9 x 1199
0%

Tulosjakauma

Persentiili vastausten määrän mukaan

Jokaisen tuloksen saaneiden osuus

Tuloshistoriasi

Et ole pelannut tätä visaa